Luyện gang; T1

Đã lưu trong:
书目详细资料
主要作者: N I Krasapsev
格式: 图书
语言:Undetermined
出版: Hà Nội Giáo dục 1964
主题:
标签: 添加标签
没有标签, 成为第一个标记此记录!
Thư viện lưu trữ: Trung tâm Học liệu Trường Đại học Cần Thơ
LEADER 00521nam a2200181Ia 4500
001 CTU_11478
008 210402s9999 xx 000 0 und d
082 |a 669.1 
082 |b K91/T1 
100 |a N I Krasapsev 
245 0 |a Luyện gang; T1 
245 0 |c N I Krasapsev, Nguyễn Đức Trường, Viết Đồng 
260 |a Hà Nội 
260 |b Giáo dục 
260 |c 1964 
650 |a steel - metallurgy 
904 |i Minh, 961023 
980 |a Trung tâm Học liệu Trường Đại học Cần Thơ